Imagen 1 Imagen 2 Imagen 3 Imagen 4 Imagen 5 Imagen 6

El poder de escuchar / (Registro nro. 53571)

Detalles MARC
000 -LEADER
campo de control de longitud fija 01322nam a2200349 i 4500
003 - IDENTIFICADOR DE NÚMERO DE CONTROL
campo de control peliumch
005 - FECHA Y HORA DE LA ÚLTIMA TRANSACCIÓN
campo de control 20260113144148.0
007 - CAMPO FIJO DE DESCRIPCIÓN FÍSICA--INFORMACIÓN GENERAL
campo de control de longitud fija ta
008 - DATOS DE LONGITUD FIJA--INFORMACIÓN GENERAL
campo de control de longitud fija 260113t us ||||gr|||| 00| 0 spa d
020 ## - NÚMERO INTERNACIONAL ESTÁNDAR DEL LIBRO
Número Internacional Estándar del Libro 978-0-14-750936-9
040 ## - FUENTE DE CATALOGACIÓN
Centro catalogador/agencia de origen UMCH
Lengua de catalogación spa
Centro/agencia transcriptor UMCH
Centro/agencia modificador jmr
Normas de descripción rda
041 0# - CÓDIGO DE IDIOMA
Código de lengua del texto/banda sonora o título independiente spa
043 ## - CÓDIGO DE ÁREA GEOGRÁFICA
Código de área geográfica s-pe---
082 ## - NÚMERO DE LA CLASIFICACIÓN DECIMAL DEWEY
Número de clasificación 153.6/C125
100 1# - ENTRADA PRINCIPAL--NOMBRE DE PERSONA
Nombre de persona Cala, Ismael
Término indicativo de función/relación autor.
245 ## - MENCIÓN DEL TÍTULO
Título El poder de escuchar /
Mención de responsabilidad, etc. Ismael Cala
250 ## - MENCION DE EDICION
Mención de edición Primera edición.
264 #1 - PRODUCCIÓN, PUBLICACIÓN, DISTRIBUCIÓN, FABRICACIÓN Y COPYRIGHT
Producción, publicación, distribución, fabricación y copyright Estados Unidos de América :
Nombre del de productor, editor, distribuidor, fabricante C.A. PRESS, Penguin Group,
Fecha de producción, publicación, distribución, fabricación o copyright 2013
264 #4 - PRODUCCIÓN, PUBLICACIÓN, DISTRIBUCIÓN, FABRICACIÓN Y COPYRIGHT
Fecha de producción, publicación, distribución, fabricación o copyright ©2013
300 ## - DESCRIPCIÓN FÍSICA
Extensión 220 páginas ;
Otras características físicas il. ;
Dimensiones 23 cm.
505 0# - NOTA DE CONTENIDO CON FORMATO
Información miscelánea Capítulo 1.
Título Llámame Ismael--
Información miscelánea Capítulo 2.
Título La gente y yo--
Información miscelánea Capítulo 3.
Título ¿Quién soy?--
Información miscelánea Capítulo 4.
Título Crecer y conectar: Un camino--
Información miscelánea Capítulo 5.
Título De la duda al milagro--
Información miscelánea Capítulo 6.
Título Cala en cuerpo y alma--
Información miscelánea Capítulo 7.
Título Hágase el silencio--
Información miscelánea Capítulo 8.
Título Calando sueños--
Información miscelánea Capítulo 9.
Título Larry King y Don Francisco: Hablan mis maestros.
521 ## - NOTA DE PÚBLICO DESTINATARIO
Nota de público destinatario Recomendado para un público en genral.
650 14 - PUNTO DE ACCESO ADICIONAL DE MATERIA--TÉRMINO DE MATERIA
Término de materia o nombre geográfico como elemento de entrada ÉXITO
650 24 - PUNTO DE ACCESO ADICIONAL DE MATERIA--TÉRMINO DE MATERIA
Término de materia o nombre geográfico como elemento de entrada COMUNICACIÓN
650 24 - PUNTO DE ACCESO ADICIONAL DE MATERIA--TÉRMINO DE MATERIA
Término de materia o nombre geográfico como elemento de entrada COMUNICACIÓN INTERPERSONAL
650 24 - PUNTO DE ACCESO ADICIONAL DE MATERIA--TÉRMINO DE MATERIA
Término de materia o nombre geográfico como elemento de entrada NEGOCIOS
942 ## - ELEMENTOS DE ENTRADA SECUNDARIOS (KOHA)
Fuente del sistema de clasificación o colocación Clasificación Decimal Dewey
Tipo de ítem Koha Libros
Suprimir en OPAC No
Existencias
Estatus retirado Estado de pérdida Fuente del sistema de clasificación o colocación Estado de daño No para préstamo Biblioteca de origen Biblioteca actual Fecha de adquisición Fuente de adquisición Información codificada de la localización en otra ubicación Total checkouts Signatura topográfica completa Código de barras Visto por última vez Precio de reemplazo Tipo de ítem Koha
    Clasificación Decimal Dewey     Biblioteca Central Biblioteca Central 13/01/2026 Donación UMCH   153.6/C125 035546 15/01/2026 13/01/2026 Libros

Horarios de atención

De Lunes a Viernes de 8:00 a.m. -7:00 p.m.
Sábados de 8:00 a.m. - 5:00 p.m.



Email:
 biblioteca@umch.edu.pe

Teléfono: (01) 4490449 anexo 400 y 401
WhatsApp: +51 946 208 593